The chinese peasant economy : Agricultural development in Hopei and Shantung, 1890 - 1949
Đã lưu trong:
| 主要作者: | |
|---|---|
| 格式: | 圖書 |
| 語言: | Undetermined |
| 出版: |
Rainbow Bridge Book
1970
|
| 主題: | |
| 標簽: |
添加標簽
沒有標簽, 成為第一個標記此記錄!
|
| Thư viện lưu trữ: | Trung tâm Học liệu Trường Đại học Cần Thơ |
|---|
| LEADER | 00590nam a2200205Ia 4500 | ||
|---|---|---|---|
| 001 | CTU_105517 | ||
| 008 | 210402s9999 xx 000 0 und d | ||
| 082 | |a 338.1 | ||
| 082 | |b M996 | ||
| 100 | |a Myers, Ramon H. | ||
| 245 | 4 | |a The chinese peasant economy : | |
| 245 | 0 | |b Agricultural development in Hopei and Shantung, 1890 - 1949 | |
| 245 | 0 | |c Ramon H. Myers | |
| 260 | |b Rainbow Bridge Book | ||
| 260 | |c 1970 | ||
| 650 | |a Agriculture | ||
| 650 | |x Economic aspects | ||
| 650 | |z China,Hebei Sheng | ||
| 904 | |i Nguyên | ||
| 980 | |a Trung tâm Học liệu Trường Đại học Cần Thơ | ||